01780nam a22002417a 4500003001700000005001700017008004100034020001900075040000700094041001200101082001900113100002600132245005500158250000600213260002500219300002400244365006200268520097900330650004301309942001201352999001901364952015501383St Aloysius Coll20250818173433.0250814b |||||||| |||| 00| 0 eng d a 9789390394586 cAL aEnglish a658.4033bEVAB aJames R Evans9235771 aBusiness analyticsb: methods models and decisions a3 aNoidabPearsonc2025 a704p.bPBc25x20cm. 2Generala2646b₹776.00c₹d₹970.00e20%f08/08/2025 aBusiness Analytics teaches the fundamental concepts of modern business analytics and provides vital tools in understanding how data analysis works in today's organizations. Author James Evans takes a fair and comprehensive, approach, examining business analytics from both descriptive and predictive perspectives. Students learn how to apply basic principles, communicate with analytics professionals, and effectively use and interpret analytic models to make better business decisions. And included access to commercial grade analytics software gives students real-world experience and career-focused value. As such, the 3rd Edition has gone through an extensive revision and now relies solely on Excel, enhancing students' skills in the program and basic understanding of fundamental concepts. Additionally, Analytic Solver can now be found in online supplements to accommodate any new software updates, so students are prepared to use these same tools when they graduate. 2ManagementaBusiness Analytics9235772 2ddccBK c240347d240347 00102ddc40708MCOMFAaSACPGbSACPGd2025-08-14eBiblios Book Pointg776.00l0o658.4033 EVABpPG025080r2025-08-14 18:32:36v970.00w0000-00-00yBK